000 00360nam a2200145Ia 4500
008 150201s2006 xx 000 0 und d
082 _a617.6
_bO2006W
100 _aWHO
245 _aORAL HEALTH SURVEYS :BASIC METHODS
250 _a4TH
260 _bAITBS
_aDELHI
_c2006
300 _aJan-66
650 _aPREVENTIVE AND COMMUNITY DENTISTRY
942 _2ddc
_cBK
999 _c4176
_d4176